000 00739nam a2200289Ia 4500
005 20260324140832.0
008 008 260324s9999 xx 000 0 eng d
020 _a9781315238661
037 _aEBOOK
040 _aCRL
040 _beng
040 _cCRL
041 _2eng
041 _aeng
084 _qCRL
100 _aStephanos Efthymiadis
_91162419
245 4 _aThe Life of the Patriarch Tarasios by Ignatios Deacon (BHG1698)
245 0 _bIntroduction, Edition, Translation and Commentary
260 _bTaylor and Francis
260 _c1998
365 _a
365 _b230
856 _uhttp://www.taylorfrancis.com/books/9781315238661
942 _cEBOOK
999 _c1808388
_d1808388